La província de Lérida durante el eneolítico, bronce y primera edad del hierro / J. Maluquer de Motes
Descripción Física:
77 p. : 6 làm. amb fot. ; 25 cm
Materias:
Arqueologia -- Catalunya
MARC
| LEADER | 00000nam a2200000Ia 4500 | ||
|---|---|---|---|
| 001 | 17316 | ||
| 008 | 160829s1945 xx 000 0 cat d | ||
| 080 | |a H-2-322 | ||
| 100 | 1 | |a Maluquer de Motes, Joan, |d 1915-1988 |9 30020 | |
| 245 | |a La província de Lérida durante el eneolítico, bronce y primera edad del hierro / J. Maluquer de Motes | ||
| 260 | |a Lleida : |b Instituto de Estudios Ilerdenses, |c 1945 | ||
| 300 | |a 77 p. : |b 6 làm. amb fot. ; |c 25 cm | ||
| 590 | |a Separata de Ilerda, V (julio-diciembre de 1945). | ||
| 590 | |a Prové de R.168 del currículum per la plaça de conservador del Museu Arqueològic, 1957 | ||
| 650 | 0 | |a Arqueologia |z Catalunya |9 34340 | |
| 901 | |a Arxiu | ||
| 942 | |n 1 | ||
| 952 | |0 0 |1 0 |4 0 |6 H2322 |7 1 |9 53331 |a Arxiu |b Arxiu |d 2016-12-01 |l 0 |o H-2-322 |p 17316 |r 2016-12-01 00:00:00 |w 2016-12-01 |y ARXIU | ||
| 999 | |c 57196 |d 57196 | ||